000 00574nmm a2200169Ia 4500
008 251105s9999||||xx |||||||||||||||||und||
020 _a9788415770671
041 _aspa
100 _aSesma Muñoz, José Ángel
245 0 _aRevolución comercial y cambio social :
_b Aragón y el mundo mediterráneo (siglos XIV-XV)
264 _a[Madrid, España] :
_bPrensas Universitarias de Zaragoza,
_c2013
300 _a424 páginas
490 _aCiencias sociales
650 _aHistory of Europe: Spain
856 _uhttps://public.digitaliapublishing.com/a/23444
942 _cCF
999 _c77049
_d77049